[Event "December Tournament 5"]
[Site "SchemingMind.com"]
[Date "2018.02.03"]
[Round "-"]
[White "Johnny Owens"]
[Black "The Stonewall"]
[Result "1-0"]
[WhiteCountry "USA"]
[BlackCountry "ENG"]
[WhiteElo "2252"]
[WhiteRD "63"]
[BlackElo "2287"]
[BlackRD "83"]
[GameID "424144"]

1. Nf3 g6 2. e4 Bg7 3. d4 d6 4. Nc3 a6 5. Bc4 b5 6. Bd5 c6 7. Bb3 b4 8. Na4 Nf6 9. e5 Nd5 10. c4 bxc3
11. bxc3 O-O 12. O-O Nd7 13. Re1 dxe5 14. dxe5 Qc7 15. e6 Ne5 16. exf7+ Rxf7 17. Nxe5 Bxe5 18. g3 Bh3 19. Bh6 Bf6 20. Qd3 Rb8
21. Rac1 a5 22. Nc5 Bf5 23. Qc4 Rc8 24. Ne4 Qd7 25. f3 Qc7 26. Qc5 Be5 27. Kh1 Bd6 28. Qc4 e5 29. Ng5 Re7 30. Qh4 Ba3
31. Rcd1 Kh8 32. g4 Be6 33. Ne4 Rce8 34. c4 Nb6 35. Nf6 Bxc4 36. Nxe8 Rxe8 37. Qf6+ Kg8 38. Bxc4+ Nxc4 39. f4 Bb2 40. fxe5 Bxe5
41. Qf3 Qf7 42. Qxc6 Qe6 43. Qxe6+ Rxe6 44. Rd8+ Kf7 45. Rd7+ Ke8 46. Rd5 Kf7 47. Rc5 Bd6 48. Rf1+ Ke8 49. Rxc4 Re2 50. Rd1 Rxh2+
51. Kg1 Rxh6 52. Rxd6 Ke7 53. Rd3 Kf6 54. Re4 Kg7 55. Rd7+ Kf6 56. Kg2 a4 57. Rde7 Rh4 58. Kg3 Rxg4+ 59. Kxg4 h5+ 60. Kh4 g5+
61. Kxh5 Kf5 62. Re3 Kf4 63. Kg6 a3 64. R7e4#
1-0

[Event "December Tournament 5"]
[Site "SchemingMind.com"]
[Date "2018.02.03"]
[Round "-"]
[White "The Stonewall"]
[Black "TheHornedReaper "]
[Result "1-0"]
[WhiteCountry "ENG"]
[BlackCountry "ROU"]
[WhiteElo "2303"]
[WhiteRD "96"]
[BlackElo "1554"]
[BlackRD "82"]
[GameID "424145"]

1. e4 e6 2. d4 d5 3. Nd2 Nf6 4. e5 Nfd7 5. Bd3 c5 6. c3 Nc6 7. Ne2 Qb6 8. Nf3 f6 9. exf6 Nxf6 10. O-O c4
11. Bc2 Bd6 12. b3 O-O 13. Bf4 Bxf4 14. Nxf4
1-0

[Event "December Tournament 5"]
[Site "SchemingMind.com"]
[Date "2018.02.03"]
[Round "-"]
[White "TheHornedReaper "]
[Black "The Stonewall"]
[Result "0-1"]
[WhiteCountry "ROU"]
[BlackCountry "ENG"]
[WhiteElo "1246"]
[WhiteRD "49"]
[BlackElo "2319"]
[BlackRD "91"]
[GameID "424146"]

1. e4 c6 2. d4 d5 3. e5 Bf5 4. Nf3 e6 5. Be2 c5 6. c3 Nc6 7. O-O cxd4 8. cxd4 Nge7 9. Bg5 h6 10. Bxe7 Bxe7
11. Nc3 O-O 12. Rc1 Rc8 13. a3 Na5 14. b4 Nc4
0-1